Perspective on mass media (Record no. 33448)

MARC details
000 -LEADER
fixed length control field 00408nam a2200169Ia 4500
020 ## - INTERNATIONAL STANDARD BOOK NUMBER
ISBN 9780740931161
050 ## - CALL MARK
Classification number P 92 .P47/
245 #0 - TITLE STATEMENT
Title Perspective on mass media
260 ## - PUBLICATION, DISTRIBUTION, ETC. (IMPRINT)
Place of publication WSC
260 ## - PUBLICATION, DISTRIBUTION, ETC. (IMPRINT)
Name of publisher BYU Academic Publishing and Brgham young university
260 ## - PUBLICATION, DISTRIBUTION, ETC. (IMPRINT)
Year of publication 2008
300 ## - PHYSICAL DESCRIPTION
Number of Pages 154 p
650 ## - SUBJECT ADDED ENTRY--TOPICAL TERM
Topical Term Media
942 ## - ADDED ENTRY ELEMENTS (KOHA)
Koha item type Books
Holdings
Withdrawn status Lost status Source of classification or shelving scheme Damaged status Not for loan Permanent Location Current Location Date acquired Accession Number Price effective from Koha item type
    Library of Congress Classification     NILE UNIVERSITY OF NIGERIA - MAIN LIBRARY NILE UNIVERSITY OF NIGERIA - MAIN LIBRARY 04/23/2025 0005169 04/23/2025 Books